<?xml version="1.0" encoding="UTF-8"?><?xml-stylesheet type="text/xsl" href="static/style.xsl"?><OAI-PMH xmlns="http://www.openarchives.org/OAI/2.0/" xmlns:xsi="http://www.w3.org/2001/XMLSchema-instance" xsi:schemaLocation="http://www.openarchives.org/OAI/2.0/ http://www.openarchives.org/OAI/2.0/OAI-PMH.xsd"><responseDate>2026-04-13T04:06:45Z</responseDate><request verb="GetRecord" identifier="oai:www.recercat.cat:20.500.14342/3789" metadataPrefix="marc">https://recercat.cat/oai/request</request><GetRecord><record><header><identifier>oai:recercat.cat:20.500.14342/3789</identifier><datestamp>2025-07-15T03:38:27Z</datestamp><setSpec>com_2072_482405</setSpec><setSpec>com_2072_183628</setSpec><setSpec>col_2072_482411</setSpec></header><metadata><record xmlns="http://www.loc.gov/MARC21/slim" xmlns:dcterms="http://purl.org/dc/terms/" xmlns:xsi="http://www.w3.org/2001/XMLSchema-instance" xmlns:doc="http://www.lyncode.com/xoai" xsi:schemaLocation="http://www.loc.gov/MARC21/slim http://www.loc.gov/standards/marcxml/schema/MARC21slim.xsd">
   <leader>00925njm 22002777a 4500</leader>
   <datafield ind2=" " ind1=" " tag="042">
      <subfield code="a">dc</subfield>
   </datafield>
   <datafield ind2=" " ind1=" " tag="720">
      <subfield code="a">Zapata-Restrepo, Jorge Raul</subfield>
      <subfield code="e">author</subfield>
   </datafield>
   <datafield ind2=" " ind1=" " tag="720">
      <subfield code="a">Longworth, Giuliana R.</subfield>
      <subfield code="e">author</subfield>
   </datafield>
   <datafield ind2=" " ind1=" " tag="720">
      <subfield code="a">Chin-A-Paw, Mai J.M.</subfield>
      <subfield code="e">author</subfield>
   </datafield>
   <datafield ind2=" " ind1=" " tag="720">
      <subfield code="a">Dall, Philippa</subfield>
      <subfield code="e">author</subfield>
   </datafield>
   <datafield ind2=" " ind1=" " tag="720">
      <subfield code="a">Skelton, Dawn A.</subfield>
      <subfield code="e">author</subfield>
   </datafield>
   <datafield ind2=" " ind1=" " tag="720">
      <subfield code="a">Morejón, Sacra</subfield>
      <subfield code="e">author</subfield>
   </datafield>
   <datafield ind2=" " ind1=" " tag="260">
      <subfield code="c">2023-12-05</subfield>
   </datafield>
   <datafield ind2=" " ind1=" " tag="520">
      <subfield code="a">This study aims to evaluate the inter-rater reliability of the Tool for assessing determinants of health in public space, a methodology developed to assess the potential health impact of public space improvement actions. The study involved a participatory evaluation conducted during an urban design co-creation process with older adults and researchers from various disciplines. Ten older adults from a care home in Barcelona and five researchers participated in the evaluation of five selected public spaces using the tool. An analysis using Intra-class Correlation Coefficient (ICC) was conducted to assess inter-rater reliability. A descriptive comparison of the results was performed based on the scores given to each determinant. The findings provide insights into the tool’s reliability and its potential for capturing diverse perspectives. The Tool does not appear to have high reliability when implemented in a community setting. The ICC values for most of the determinants are relatively low, indicating poor or moderate levels of agreement among the raters/judges. The study highlights the importance of involving end-users and researchers in the evaluation process, emphasizing the need for user-centered design and co-creation in urban planning. The results contribute to improving public health outcomes and promoting age-friendly environments in urban spaces.</subfield>
   </datafield>
   <datafield ind1="8" ind2=" " tag="024">
      <subfield code="a">http://hdl.handle.net/20.500.14342/3789</subfield>
   </datafield>
   <datafield ind1="8" ind2=" " tag="024">
      <subfield code="a">https://doi.org/10.1080/23748834.2023.2286724</subfield>
   </datafield>
   <datafield tag="653" ind2=" " ind1=" ">
      <subfield code="a">Co-creació</subfield>
   </datafield>
   <datafield tag="653" ind2=" " ind1=" ">
      <subfield code="a">Co-evaluació</subfield>
   </datafield>
   <datafield tag="653" ind2=" " ind1=" ">
      <subfield code="a">Disseny urbà</subfield>
   </datafield>
   <datafield tag="653" ind2=" " ind1=" ">
      <subfield code="a">Persones grans</subfield>
   </datafield>
   <datafield ind2="0" ind1="0" tag="245">
      <subfield code="a">Inter-rater reliability of the ‘Tool for assessing determinants of health in public space’ in a co-creative urban design process with care home residents in Barcelona: a Health CASCADE study</subfield>
   </datafield>
</record></metadata></record></GetRecord></OAI-PMH>